书目信息 |
| 题名: |
你离成功有多远
|
|
| 作者: | 肖峰 , 秦阳 编著 | |
| 分册: | ||
| 出版信息: | 北京 海潮出版社 2003.07 |
|
| 页数: | 256页 | |
| 开本: | 20cm | |
| 丛书名: | ||
| 单 册: | ||
| 中图分类: | B848.4-49 | |
| 科图分类: | ||
| 主题词: | 成功心理学--通俗读物 | |
| 电子资源: | ||
| ISBN: | 7-80151-741-5 | |
| 000 | 00929nam0 2200265 450 | |
| 001 | 0135381065 | |
| 005 | 20051110084206.31 | |
| 010 | @a7-80151-741-5@dCNY18.00 | |
| 100 | @a20050215d2003 km y0chiy0120 ea | |
| 101 | 0 | @achi |
| 102 | @aCN@b110000 | |
| 105 | @ay z 000yy | |
| 200 | 1 | @a你离成功有多远@Ani li cheng gong you duo yuan@e38招转败为胜@f肖峰, 秦阳编著@Fxiao feng,qin yang bian zhu |
| 210 | @a北京@c海潮出版社@d2003.07 | |
| 215 | @a256页@d20cm | |
| 304 | @a并列题名取自封面。 | |
| 330 | @a本书介绍的38条致胜哲学有:换个视角看问题,发现自身长处,防微杜渐,打破习惯的束缚,吸取别人的教训,取长补短的学问等。 | |
| 510 | 1 | @aAlong The Road To Success@zeng |
| 517 | 1 | @a38招转败为胜@A38 zhao zhuan bai wei sheng |
| 606 | 0 | @a成功心理学@j通俗读物 |
| 690 | @aB848.4-49@v4 | |
| 701 | 0 | @a肖峰@Axiao feng@4编著 |
| 701 | 0 | @a秦阳@Aqin yang@4编著 |
| 801 | 0 | @aCN@bQSSK@c20051110 |
| 905 | @a10447@dB848.4-49@eX291 | |
| 你离成功有多远:38招转败为胜/肖峰, 秦阳编著.-北京:海潮出版社,2003.07 |
| 256页;20cm |
| ISBN 7-80151-741-5:CNY18.00 |
| 本书介绍的38条致胜哲学有:换个视角看问题,发现自身长处,防微杜渐,打破习惯的束缚,吸取别人的教训,取长补短的学问等。 |
| ● |
| 相关链接 |
|
|
|
正题名:你离成功有多远
索取号:B848.4-49/X291
 
预约/预借
| 序号 | 登录号 | 条形码 | 馆藏地/架位号 | 状态 | 备注 |
| 1 | 574453 | 205744532 | 社科库509/509社科库 52排4列3层/ [索取号:B848.4-49/X291] | 在馆 | |
| 2 | 574454 | 205744541 | 社科库509/509社科库 52排4列3层/ [索取号:B848.4-49/X291] | 在馆 | |
| 3 | 574455 | 205744550 | 社科库509/509社科库 52排4列3层/ [索取号:B848.4-49/X291] | 在馆 |